Top 500 Baby Boy Names in 1978 (United States) - Statistics

General Stats
  • This quiz has been taken 265 times
  • The average score is 246 of 500
Answer Stats
Hint Answer % Correct
7 John
95%
108 Jon
95%
13 William
95%
429 Dan
93%
5 James
93%
116 Danny
92%
4 David
92%
1 Michael
92%
156 Jack
91%
124 Jesus
91%
33 Paul
91%
54 Peter
91%
11 Daniel
90%
58 George
90%
125 Micheal
90%
8 Robert
90%
174 Chris
89%
127 Henry
89%
44 Jose
89%
397 Kris
89%
107 Marc
89%
129 Andre
88%
306 Don
88%
15 Kevin
87%
3 Christopher
86%
48 Donald
86%
230 Harry
86%
10 Joseph
86%
422 Kristofer
86%
457 Kristoffer
86%
104 Kristopher
86%
311 Ben
85%
27 Charles
85%
128 Joe
85%
182 Mathew
85%
6 Matthew
85%
21 Richard
85%
37 Stephen
85%
23 Thomas
85%
22 Andrew
84%
47 Edward
84%
50 Jacob
84%
24 Steven
84%
164 Alex
83%
16 Eric
83%
259 Erick
83%
85 Erik
83%
77 Frank
83%
31 Jonathan
83%
240 Jonathon
83%
26 Mark
83%
45 Sean
83%
52 Shaun
83%
39 Shawn
83%
34 Benjamin
82%
224 Johnathan
82%
84 Philip
82%
67 Phillip
82%
378 Sam
82%
193 Steve
82%
263 Dean
81%
98 Alexander
80%
20 Anthony
80%
497 Bill
79%
279 Fred
79%
353 Leo
79%
136 Lucas
79%
139 Luke
79%
126 Martin
79%
36 Nathan
79%
25 Nicholas
79%
310 Nickolas
79%
253 Nicolas
79%
492 Ron
79%
57 Samuel
79%
17 Timothy
79%
29 Adam
78%
122 Alan
78%
342 Allan
78%
144 Allen
78%
70 Marcus
78%
9 Brian
77%
43 Bryan
77%
315 Bryant
77%
421 Bryon
77%
278 Greg
77%
406 Gregg
77%
299 Lewis
77%
150 Louis
77%
109 Luis
77%
55 Ronald
77%
177 Tommy
77%
90 Zachary
77%
99 Billy
76%
100 Carl
76%
289 Charlie
76%
158 Frederick
76%
287 Fredrick
76%
38 Gregory
76%
2 Jason
76%
302 Jayson
76%
232 Karl
76%
228 Leon
76%
375 Oliver
76%
14 Ryan
76%
32 Aaron
75%
458 Aron
75%
170 Eddie
75%
225 Francis
75%
413 Ty
75%
371 Josh
74%
178 Leonard
74%
141 Arthur
73%
110 Bobby
73%
198 Evan
73%
441 Garry
73%
60 Gary
73%
117 Ian
73%
410 Jim
73%
42 Patrick
73%
149 Tyler
73%
103 Victor
73%
297 Ethan
72%
41 Kenneth
72%
64 Larry
72%
146 Albert
71%
12 Joshua
71%
63 Kyle
71%
283 Noah
71%
195 Theodore
71%
167 Isaac
70%
362 Jake
70%
389 Nick
70%
179 Oscar
70%
489 Owen
70%
105 Vincent
70%
185 Geoffrey
69%
294 Jeff
69%
80 Jeffery
69%
19 Jeffrey
69%
18 Jeremy
69%
349 Jimmie
69%
118 Jimmy
69%
207 Joey
69%
357 Johnnie
69%
101 Johnny
69%
367 Mike
69%
79 Antonio
68%
82 Jerry
68%
40 Brandon
67%
115 Christian
67%
365 Eli
67%
94 Nathaniel
67%
388 Rick
67%
191 Harold
66%
113 Lawrence
66%
123 Brad
65%
355 Freddie
65%
30 Scott
65%
71 Dennis
64%
28 Justin
64%
500 Nathanael
64%
257 Ray
64%
475 Stephan
64%
131 Walter
64%
78 Carlos
63%
415 Darrick
63%
382 Derick
63%
304 Donnie
63%
460 Donny
63%
95 Jamie
63%
53 Bradley
62%
75 Derek
62%
76 Derrick
62%
219 Jordan
62%
233 Alfred
61%
322 Elijah
61%
163 Ronnie
61%
351 Dylan
60%
62 Juan
60%
385 Noel
60%
69 Raymond
60%
97 Tony
60%
281 Abraham
59%
220 Andy
59%
329 Darin
59%
166 Darren
59%
424 Darrin
59%
137 Gerald
59%
423 Simon
59%
91 Terry
59%
293 Julian
58%
383 Max
58%
344 Rickey
58%
130 Ricky
58%
258 Warren
58%
162 Barry
57%
119 Jay
57%
307 Neal
57%
159 Neil
57%
206 Cameron
56%
268 Ivan
56%
74 Joel
56%
186 Mitchell
56%
81 Jeremiah
55%
275 Caleb
54%
231 Jarrod
54%
450 Jerrod
54%
425 Jess
54%
454 Logan
54%
419 Robbie
54%
151 Bruce
53%
194 Edwin
53%
89 Gabriel
53%
249 Grant
53%
154 Roberto
53%
147 Roy
53%
121 Willie
53%
438 Xavier
53%
61 Corey
52%
73 Cory
52%
248 Franklin
52%
51 Jesse
52%
236 Jessie
52%
49 Keith
52%
373 Kenny
52%
461 Kory
52%
496 Mason
52%
120 Roger
52%
386 Terence
52%
183 Terrance
52%
201 Terrence
52%
196 Marvin
51%
431 Taylor
51%
138 Wayne
51%
288 Blake
50%
235 Brendan
50%
187 Calvin
50%
152 Cody
50%
66 Craig
50%
321 Drew
50%
466 Graham
50%
222 Howard
50%
482 Isaiah
50%
133 Lee
50%
243 Marco
50%
266 Norman
50%
213 Pedro
50%
480 Timmy
50%
239 Austin
49%
111 Adrian
48%
252 Alvin
48%
244 Damian
48%
161 Damien
48%
384 Damion
48%
59 Douglas
48%
145 Miguel
48%
229 Ross
48%
106 Seth
48%
169 Trevor
48%
223 Colin
47%
155 Francisco
47%
404 Gavin
47%
72 Jared
47%
65 Shane
47%
212 Stanley
47%
46 Travis
47%
83 Wesley
47%
331 Felix
46%
140 Ricardo
46%
93 Russell
46%
409 Ted
46%
221 Dominic
45%
443 Dominick
45%
86 Randy
45%
400 Abel
44%
260 Alberto
44%
96 Curtis
44%
217 Eduardo
44%
341 Gordon
44%
199 Javier
44%
153 Jorge
44%
491 Kurtis
44%
134 Lance
44%
114 Mario
44%
303 Preston
44%
392 Robin
44%
468 Sammy
44%
56 Todd
44%
401 Clay
43%
272 Marshall
43%
320 Trent
43%
247 Duane
42%
68 Dustin
42%
192 Dwayne
42%
171 Ernest
42%
379 Perry
42%
493 Stewart
42%
324 Stuart
42%
396 Bret
41%
112 Brett
41%
412 Elias
41%
326 Levi
41%
472 Reuben
41%
238 Toby
41%
446 Benny
40%
165 Darrell
40%
271 Darryl
40%
246 Daryl
40%
241 Devin
40%
175 Eugene
40%
387 Frankie
40%
291 Glen
40%
200 Glenn
40%
142 Manuel
40%
391 Morgan
40%
135 Randall
40%
343 Terrell
40%
276 Alfredo
39%
267 Bernard
39%
203 Clayton
39%
282 Edgar
39%
265 Julio
39%
205 Ralph
39%
172 Ruben
39%
202 Alejandro
38%
35 Chad
38%
377 Devon
38%
197 Melvin
38%
370 Pablo
38%
308 Andres
37%
87 Brent
37%
251 Garrett
37%
361 Gene
37%
356 Quentin
37%
88 Troy
37%
444 Harvey
36%
181 Omar
36%
160 Reginald
36%
484 Tobias
36%
285 Nelson
35%
102 Rodney
35%
189 Angel
34%
364 Brady
34%
337 Bryce
34%
92 Casey
34%
132 Damon
34%
487 Emanuel
34%
451 Emmanuel
34%
204 Fernando
34%
363 Julius
34%
452 Moses
34%
348 Roland
34%
176 Dale
33%
328 Ashley
32%
435 Gerard
32%
327 Angelo
31%
490 Edmund
31%
254 Gilbert
31%
477 Landon
31%
393 Lester
31%
464 Zachariah
31%
210 Clint
30%
173 Jerome
30%
478 Saul
30%
250 Tyson
30%
486 Dexter
29%
347 Dwight
29%
481 Reggie
29%
269 Spencer
29%
262 Wade
29%
398 Chester
28%
227 Earl
28%
190 Hector
28%
407 Loren
28%
470 Malcolm
28%
168 Tyrone
28%
339 Brock
27%
316 Ernesto
27%
369 Guy
27%
313 Herbert
27%
366 Jackie
27%
180 Kelly
27%
336 Leslie
27%
157 Maurice
27%
215 Micah
27%
255 Byron
26%
216 Clifford
26%
148 Clinton
26%
208 Kurt
26%
340 Lloyd
26%
218 Rafael
26%
234 Armando
25%
284 Arturo
25%
381 Milton
25%
417 Cecil
24%
479 Colby
24%
332 Desmond
24%
296 Enrique
24%
330 Marlon
24%
300 Vernon
24%
358 Dallas
23%
360 Dewayne
23%
333 Lorenzo
23%
488 Esteban
22%
345 Kent
22%
298 Quincy
22%
376 Rory
22%
411 Trenton
22%
226 Clarence
21%
273 Kirk
21%
434 Marty
21%
214 Ramon
21%
209 Raul
21%
318 Rocky
21%
319 Rudy
21%
352 Beau
20%
368 Carlton
20%
437 Fabian
20%
354 Floyd
20%
264 Kelvin
20%
274 Leroy
20%
237 Sergio
20%
292 Antoine
19%
211 Heath
19%
395 Herman
19%
305 Israel
19%
184 Jaime
19%
467 Otis
19%
469 Chance
18%
416 Clyde
18%
402 Dante
18%
403 Elvis
18%
465 Everett
18%
317 Jamal
18%
474 Jamel
18%
432 Rusty
18%
256 Cedric
17%
476 Donovan
17%
295 Orlando
17%
399 Felipe
16%
447 Forrest
16%
312 Salvador
16%
483 Alonzo
15%
420 Darius
15%
314 Darnell
15%
433 Ismael
15%
359 Kerry
15%
277 Lonnie
15%
334 Marcos
15%
280 Roderick
15%
427 Salvatore
15%
471 Sidney
15%
335 Tracy
15%
380 Alfonso
14%
301 Bradford
14%
309 Gerardo
14%
455 Ira
14%
485 Jed
14%
346 Kendrick
14%
143 Shannon
14%
448 Sheldon
14%
350 Lamar
13%
242 Clifton
12%
459 Gustavo
12%
286 Rene
12%
428 Stacy
12%
270 Cesar
11%
498 Claude
11%
325 Dana
11%
442 Guillermo
11%
188 Jermaine
11%
436 Kendall
11%
394 Scotty
11%
495 Tomas
11%
405 Dion
10%
453 Sherman
10%
290 Demetrius
9%
426 Randolph
9%
445 Wendell
9%
374 Cornelius
8%
499 Jarvis
8%
245 Jody
8%
462 Myron
8%
390 Rolando
8%
449 Antwan
7%
338 Chadwick
7%
414 Gilberto
7%
430 Thaddeus
7%
323 Lamont
6%
440 Rogelio
6%
261 Courtney
5%
463 Jamar
5%
439 Jarrett
5%
372 Rodolfo
5%
456 Ramiro
3%
408 Kareem
2%
418 Rashad
2%
494 Reynaldo
2%
473 Guadalupe
1%
No matching quizzes found
Score Distribution
Percent of People with Each Score
Percentile by Number Answered
Your Score History
You have not taken this quiz